000
00310nam a22001337a 4500
008
170531b xxu||||| |||| 00| 0 eng d
020
_a
0669013668
041
_a
eng
080
_a
94(4)
100
_a
17
101
_a
SHH
245
_a
EUROPE IN RETROSPECT A BRIEF HISTORY
_c
BETTS.R.F
942
_2
udc
_c
BK
999
_c
15102
_d
15102